| 000 | 00934nam a2200229 i 4500 | ||
|---|---|---|---|
| 001 | 122728 | ||
| 003 | ES-MaACL | ||
| 005 | 20250809054903.0 | ||
| 007 | t| | ||
| 008 | 070214s1955 sp r ||||1| spa d | ||
| 100 | 1 |
_aPuig Peña, Federico. _994273 |
|
| 245 | 1 | 0 |
_aDerecho penal / _cFederico Puig Peña. |
| 250 | _a4ª. ed. ampl. corr. y puesta al día. | ||
| 260 |
_aMadrid : _bRevista de Derecho Privado, _c1955. |
||
| 300 |
_a4 v. ; _c23 cm. |
||
| 490 | 1 | _aGrandes tratados general de Derecho Privado y Público, Serie C. | |
| 505 | 8 | _aContiene: I. Parte general.- 3 h. + 464 pág. -- II. Parte general.- 2 hoj. + 468 pág. -- III. Parte especial.- 3 hoj. + 447 pág. -- IV. Parte especial.- 3 hoj. + 461 pág. | |
| 650 | 0 | 4 |
_aDerecho penal- _zEspaña _911752 |
| 830 | 0 | 0 |
_aGrandes tratados generales de derecho privado y público _9233176 |
| 852 |
_aES-MaACL _jE-2385-88 _bR.37569 |
||
| 999 |
_c122728 _d122728 |
||